| 000 | 00540nam a2200193Ia 4500 | ||
|---|---|---|---|
| 003 | GCL | ||
| 008 | 140319s9999 xx 000 0 ara d | ||
| 040 |
_aGCL / _cGCL |
||
| 082 | 0 | 4 |
_a811.092 _bن ل |
| 100 | 1 | _aنجيب سرور | |
| 245 | 1 | 0 |
_aلزوم ما يلزم / _cنجيب سرور |
| 260 |
_a[S.N] : _bمكتبة مدبولى ، _c1985 |
||
| 300 | _a123 ص | ||
| 490 | _a | ||
| 650 | 0 | 4 | _aالشعر العربى |
| 650 | 0 | 4 | _aالقصائد والدواوين |
| 650 | 0 | 4 | _aالقصائد والاشعار |
| 942 |
_2ddc _cBK |
||
| 999 |
_c54168 _d54168 |
||